| 000 | 00547nam a2200181Ia 4500 | ||
|---|---|---|---|
| 008 | 240925s9999 xx 000 0 und d | ||
| 020 | _a205128262 | ||
| 082 | _a428.43 ODO | ||
| 100 | _aO'Donnell ,Michae P.; Marge, Wood | ||
| 245 | 0 | _aBecoming a Reader: A Developmental Approach to Reading Instruction | |
| 250 | _aNA | ||
| 260 |
_aBoston: _bAllyn and Bacon _c,1992. |
||
| 300 |
_axi,452p. _bNA _fInternational Edition |
||
| 500 | _aIncludes Index | ||
| 600 | _aHumanities & Natural Science | ||
| 650 | _aEnglish and Old English | ||
| 942 | _cBK | ||
| 999 |
_c5436 _d5436 |
||